Rigging manual / (Record no. 164891)

MARC details
000 -LEADER
fixed length control field 00653cam a2200217 i 4500
008 - FIXED-LENGTH DATA ELEMENTS--GENERAL INFORMATION
fixed length control field
049 ## - LOCAL HOLDINGS (OCLC)
Holding library MAIN
050 00 - LIBRARY OF CONGRESS CALL NUMBER
Classification number TJ1350
Item number DIC
003 - CONTROL NUMBER IDENTIFIER
control field
005 - DATE AND TIME OF LATEST TRANSACTION
control field 20230123134358.0
040 ## - CATALOGING SOURCE
Transcribing agency NUST
110 2# - MAIN ENTRY--CORPORATE NAME
Corporate name or jurisdiction name as entry element Construction Safety Association of Ontario.
245 10 - TITLE STATEMENT
Title Rigging manual /
Statement of responsibility, etc. compiled by D. E. Dickie.
250 ## - EDITION STATEMENT
Edition statement 1st ed.
260 ## - PUBLICATION, DISTRIBUTION, ETC.
Place of publication, distribution, etc. Toronto :
Name of publisher, distributor, etc. Construction Safety Association of Ontario,
Date of publication, distribution, etc. 1975.
300 ## - PHYSICAL DESCRIPTION
Extent 188 p. :
Other physical details ill. ;
Dimensions 29 cm.
650 #0 - SUBJECT ADDED ENTRY--TOPICAL TERM
Topical term or geographic name entry element Hoisting machinery
General subdivision Rigging
-- Safety measures.
700 1# - ADDED ENTRY--PERSONAL NAME
Personal name Dickie, Donald E.
907 ## - LOCAL DATA ELEMENT G, LDG (RLIN)
a .b10231821
b 24-04-12
c 15-02-07
942 ## - ADDED ENTRY ELEMENTS (KOHA)
Koha item type Ordinary Loan Books
Holdings
Date last seen Total Checkouts Full call number Barcode Cost, replacement price Price effective from Koha item type Lost status Source of classification or shelving scheme Damaged status Not for loan Collection Withdrawn status Home library Current library Shelving location Date acquired Cost, normal purchase price
01/23/2023 4 TJ1350 DIC 92003018449 80.00 01/23/2023 BOOKS   LCC     NFIC   MAIN MAIN GEN 01/23/2023 80.00